10 best coaches with the highest win percentage - Statistics

General Stats
  • This quiz has been taken 3 times
  • The average score is 4 of 10
Answer Stats
Hint Answer % Correct
.677 Don Shula
100%
.695 Jim Harbaugh
100%
.759 John Madden
100%
.738 Vince Lombardi
67%
.682 George Halas
33%
.691 Blanton Collier
0%
.712 George Allen
0%
.784 Guy Chamberlain
0%
.684 Ray Flaherty
0%
.694 Tommy Hughitt
0%
No matching quizzes found
Score Distribution
Percent of People with Each Score
Percentile by Number Answered
Your Score History
You have not taken this quiz